Justice B.L. Hansaria's writ jurisdiction
Saved in:
| 主要作者: | |
|---|---|
| 其他作者: | |
| 格式: | 图书 |
| 出版: |
Delhi :
Universal Law Pub. Co.,
c2005.
|
| 版: | 3rd ed. |
| 主题: | |
| 标签: |
添加标签
没有标签, 成为第一个标记此记录!
|
MARC
| LEADER | 00000nam a2200000 4500 | ||
|---|---|---|---|
| 005 | 20260326100211.0 | ||
| 020 | |a 8175344334 |c TZS 37,915.80/= | ||
| 040 | |a MCCL |b eng. |e AACR 2nd rev. ed. | ||
| 082 | |a 347.072 HAN | ||
| 100 | |a Hansaria B. L. | ||
| 245 | |a Justice B.L. Hansaria's writ jurisdiction |c / B. L. Hansaria, Vijay Hansaria | ||
| 250 | |a 3rd ed. | ||
| 260 | |a Delhi : |b Universal Law Pub. Co., |c c2005. | ||
| 300 | |a xcviii, 778 p. ; |c 25 cm. | ||
| 500 | |||
| 504 | |a Includes index. | ||
| 546 | |a eng. | ||
| 650 | |a Extraordinary remedies |z India | ||
| 700 | |a Hansaria Vijay | ||
| 942 | |c BK | ||
| 999 | |c 12525 |d 12525 | ||